West Ham United Squad 2025-2026 - Statistics

General Stats
  • This quiz has been taken 315 times
    51 since last reset
  • The average score is 25 of 33
Answer Stats
# Position Nation Player % Correct
28 MF Czech Republic Tomáš Souček
100%
23 GK France Alphonse Areola
97%
20 FW England Jarrod Bowen
97%
10 MF Brazil Lucas Paquetá
97%
1 GK Denmark Mads Hermansen
97%
11 FW Germany Niclas Füllkrug
97%
7 FW Netherlands Crysencio Summerville
95%
12 MF Senegal El Hadji Malick Diouf
92%
25 DF France Jean-Clair Todibo
92%
15 DF Greece Konstantinos Mavropanos
92%
- Coach Portugal Nuno Espírito Santo
92%
29 DF DR Congo Aaron Wan-Bissaka
87%
22 GK Poland Łukasz Fabiański
87%
18 MF Portugal Mateus Fernandes
87%
3 DF England Maximilian Kilman
84%
9 FW England Callum Wilson
79%
24 MF Argentina Guido Rodríguez
79%
11 FW Argentina Taty Castellanos
79%
4 DF France Axel Disasi
76%
- Coach England Graham Potter
76%
19 FW Brazil Pablo
76%
2 DF England Kyle Walker-Peters
74%
17 FW Spain Adama Traoré
71%
5 DF Brazil Igor Julio
71%
30 DF England Oliver Scarles
68%
27 MF France Soungoutou Magassa
68%
8 MF England James Ward-Prowse
66%
32 MF England Freddie Potts
61%
39 MF Scotland Andrew Irving
55%
17 FW Brazil Luís Guilherme
55%
50 FW Northern Ireland Callum Marshall
37%
21 FW Venezuela Keiber Lamadrid
34%
40 MF England George Earthy
18%
No matching quizzes found
Score Distribution
Percent of People with Each Score
Percentile by Number Answered
Your Score History
You have not taken this quiz since the last reset